[Event "GRE-ch U12"]
[Site "Peristeri"]
[Date "2024.06.26"]
[Round "7"]
[White "Andreou, Jonas"]
[Black "Fraidakis, Matthaios Ioannis"]
[Result "1-0"]
[WhiteElo "1523"]
[BlackElo "1450"]
[PlyCount "73"]
[EventDate "2024.06.22"]
[EventType "swiss"]
[EventRounds "9"]
[EventCountry "GRE"]
[SourceTitle "EXT 2025"]
[Source "ChessBase"]
[SourceDate "2024.10.14"]
[SourceVersion "1"]
[SourceVersionDate "2024.10.14"]
[SourceQuality "1"]

1. e4 c5 2. Nc3 Nc6 3. Bb5 Nd4 4. Bc4 g6 5. Nf3 Bg7 6. d3 d6 7. 0-0 Nf6 8. Be3 Bg4 9. Bxd4 cxd4 10. Nd5 0-0 11. h3 Bxf3 12. Qxf3 a6 13. a4 Rb8 14. a5 Nxd5 15. Bxd5 Qd7 16. Qg3 e5 17. f4 exf4 18. Qxf4 Be5 19. Qd2 Kg7 20. Qg5 f6 21. Qd2 f5 22. exf5 Rxf5 23. Rxf5 Qxf5 24. Be4 Qf4 25. Qxf4 Bxf4 26. Kf1 Be3 27. Ke2 b6 28. axb6 Rxb6 29. b3 Kf6 30. Ra5 Bf4 31. Bf3 Be5 32. Bg4 Rc6 33. Kd1 Ke7 34. Bf3 Rb6 35. Bd5 Kd7 36. Bc4 Kc6 37. Bxa6 1-0

[Event "GRE-ch U12"]
[Site "Peristeri"]
[Date "2024.06.25"]
[Round "6"]
[White "Stergatos, Dimitrios"]
[Black "Andreou, Jonas"]
[Result "1-0"]
[WhiteElo "1698"]
[BlackElo "1523"]
[PlyCount "69"]
[EventDate "2024.06.22"]
[EventType "swiss"]
[EventRounds "9"]
[EventCountry "GRE"]
[SourceTitle "EXT 2025"]
[Source "ChessBase"]
[SourceDate "2024.10.14"]
[SourceVersion "1"]
[SourceVersionDate "2024.10.14"]
[SourceQuality "1"]

1. d4 Nf6 2. c4 d6 3. Nc3 g6 4. e4 Bg7 5. f4 0-0 6. Nf3 Nbd7 7. Bd3 b6 8. 0-0 Re8 9. Qe2 e5 10. fxe5 dxe5 11. d5 Nc5 12. Be3 Nxd3 13. Qxd3 Bb7 14. h3 Qd7 15. b4 Rad8 16. c5 Qe7 17. Qc2 h6 18. a4 Kh7 19. c6 Bc8 20. b5 Nh5 21. a5 f5 22. axb6 axb6 23. exf5 Bxf5 24. Qb3 Nf6 25. Ra7 Qd6 26. Nh4 Bd3 27. Rd1 e4 28. Qa2 Re7 29. Qf2 Rb8 30. Bf4 Qd8 31. Qg3 Nxd5 32. Nxd5 Qxd5 33. Qxg6+ Kh8 34. Nf5 Rf7 35. Rxc7 1-0